La economía del Mercado Común / (Record no. 149078)

MARC details
000 -LEADER
campo de control de longitud fija 00683nam a2200193 4500
001 - NÚMERO DE CONTROL
campo de control 149078
003 - IDENTIFICADOR DE NÚMERO DE CONTROL
campo de control ES-MaACL
007 - CAMPO FIJO DE DESCRIPCIÓN FÍSICA--INFORMACIÓN GENERAL
campo de control de longitud fija t|
008 - DATOS DE LONGITUD FIJA--INFORMACIÓN GENERAL
campo de control de longitud fija 070214s1974 sp r ||||1| spa d
100 1# - ENTRADA PRINCIPAL--NOMBRE DE PERSONA
Nombre de persona Swann, Dennis.
9 (RLIN) 108921
245 13 - MENCIÓN DEL TÍTULO
Título La economía del Mercado Común /
Mención de responsabilidad, etc. Dennis Swann ; versión... de Enrique Fontana Llopis.
260 ## - PUBLICACIÓN, DISTRIBUCIÓN, ETC.
Lugar de publicación, distribución, etc. [Madrid] :
Nombre del editor, distribuidor, etc. Alianza,
Fecha de publicación, distribución, etc. [1974] (
Fabricante Closas-Orcoyen)
300 ## - DESCRIPCIÓN FÍSICA
Extensión 230 p. ;
Dimensiones 20 cm.
490 1# - MENCIÓN DE SERIE
Mención de serie Alianza Universidad. Curso de Economía moderna
700 1# - ENTRADA AGREGADA--NOMBRE PERSONAL
Nombre de persona Fontana Llopis, Enrique.
9 (RLIN) 51603
830 00 - PUNTO DE ACCESO ADICIONAL DE SERIE-TÍTULO UNIFORME
Título uniforme Alianza universidad.
Nombre de parte o sección de la obra Curso de economía moderna
9 (RLIN) 182907
852 ## - LOCALIZACIÓN
Ubicación ES-MaACL
Número de control de estantería E-6892
Sublocalización o colección R.91256
Holdings
Estatus retirado Estado de pérdida Estado de daño No para préstamo Biblioteca de origen Biblioteca actual Ubicación en estantería Fecha de adquisición Fuente de adquisición Total de préstamos Signatura topográfica completa Código de barras Visto por última vez Precio de reemplazo Tipo de ítem Koha
        Biblioteca del Ateneo de Madrid Biblioteca del Ateneo de Madrid Depósito 2 17/01/2008     E-6892 1155567 23/02/2023 23/02/2023 Libro impreso